| 000 | 00000nam##2200000za#4500 |
| 001 | 9.603013 |
| 003 | CaOODSP |
| 005 | 20240212134142 |
| 007 | cr ||||||||||| |
| 008 | 150406|2005||||xxc|||||o f|0| 0 fre|d |
| 040 | |aCaOODSP|bfre |
| 043 | |an-cn--- |
| 086 | 1 |aNE22-1/2005-3F-PDF |
| 110 | 1 |aCanada. |bOffice national de l'énergie. |
| 245 | 10|aMotifs de décision relativement à Coral Energy Canada Inc. et Cogenerators Alliance : |h[ressource électronique]|bdemande de révision, en date du 11 janvier 2005, de la décision RH-2-2004, phase I de l'Office |
| 246 | 1 |iTitre de renvoi : |aCoral Energy Canada Inc. et Cogenerators Alliance |
| 260 | |aCalgary - Alberta : |bOffice national de l'énergie |cMai 2004. |
| 300 | |a17p. |
| 490 | 1 |aMotifs de décision|vRH-R-2-2005 |
| 500 | |aLe nº de catalogue (NE22-1/2005-3F) et l'ISBN (0-662-79902-X) de l'édition imprimée ont été incorrectement copiés dans cette édition électronique. |
| 590 | |a12-10-Supp|b2012-03-23 |
| 775 | 08|tReasons for decision in the matter of Coral Energy Canada Inc. and the Cogenerators Alliance : |w(CaOODSP)9.572684 |
| 776 | 0#|tCoral Energy Canada Inc. et Cogenerators Alliance : |w(CaOODSP)9.626914 |
| 830 | #0|aMotifs de décision (Canada. Office national de l'énergie)|vRH-R-2-2005|w(CaOODSP)9.500899 |
| 856 | 40|ahttp://publications.gc.ca|qPDF|s472 Ko|uhttps://publications.gc.ca/collections/collection_2011/one-neb/NE22-1-2005-3-fra.pdf|yRH-R-2-2005 |